000 00922nam a2200229 a 4500
001 47522
003 BD-RjUL
005 20211209054332.0
008 160809s2004 bg ||||| |||| 00| 0 ben d
020 _a9844330106
035 _a(BD-RjUL)47641
040 _aBD-RjUL
_bben
_cBD-RjUL
041 _aben
082 _223
_a891.4409
_bKHA 2004
100 1 _aখালেক, আবদুল
_9144480
245 1 0 _aঅন্ধকার যুগ ও মধ্যযুগে বাংলা সাহিত্যচর্চা /
_cআবদুল খালেক
260 _aঢাকা :
_bহাক্কানী পাবলিশার্স,
_c২০০৪
300 _a১১৯ পৃ. ;
_c২২ সেমি.
650 _aবাংলা সাহিত্য
_vইতিহাস ও সমালোচনা
_9117445
650 _aBengali Literature
_vHistory and Criticism
_9144481
942 _2ddc
_cBK
999 _c47522
_d47522